[Event "WchT Blitz Pool D"]
[Site "London"]
[Date "2025.06.14"]
[Round "2.1"]
[White "Kohlmann, Robert"]
[Black "Erigaisi, Arjun Kumar"]
[Result "0-1"]
[WhiteElo "2026"]
[BlackElo "2782"]
[PlyCount "64"]
[EventDate "2025.06.14"]
[EventType "team-tourn"]
[EventRounds "13"]
[EventCountry "ENG"]
[SourceTitle "CB25_2025"]
[SourceDate "2025.06.18"]
[SourceVersion "1"]
[SourceVersionDate "2025.06.18"]
[SourceQuality "1"]
[WhiteTeam "Rey Ahogado"]
[BlackTeam "Team MGD1"]
[WhiteTeamCountry "ESP"]
[BlackTeamCountry "IND"]

1. e4 c6 2. d3 d5 3. Nd2 g6 4. g3 Bg7 5. Bg2 e5 6. Ngf3 Ne7 7. 0-0 0-0 8. c3 h6 9. Re1 Qc7 10. Qe2 Re8 11. h3 Be6 12. Nf1 Nd7 13. Be3 f5 14. Qd2 Kh7 15. Nh4 f4 16. gxf4 d4 17. f5 dxe3 18. Nxe3 Bf7 19. Ng4 Nf6 20. Nf3 gxf5 21. Ngxe5 Bh5 22. exf5 Nxf5 23. d4 Nd6 24. Qd3+ Kg8 25. Nh4 Rad8 26. Qc2 Nf7 27. Qb3 Nd5 28. f4 Nxf4 29. Nf5 Bxe5 30. dxe5 Qb6+ 31. Kh1 Qxb3 32. axb3 Rd2 0-1

[Event "Titled Tuesday intern op 20th May Late"]
[Site "Chess.com INT"]
[Date "2025.05.20"]
[Round "2"]
[White "Tymrakiewicz, Rafal"]
[Black "Erigaisi, Arjun Kumar"]
[Result "0-1"]
[WhiteElo "2189"]
[BlackElo "2782"]
[PlyCount "88"]
[EventDate "2025.05.20"]
[EventType "swiss (blitz)"]
[EventRounds "11"]
[EventCountry "USA"]
[SourceTitle "CB22_2025"]
[SourceDate "2025.05.28"]
[SourceVersion "1"]
[SourceVersionDate "2025.05.28"]
[SourceQuality "1"]

1. e4 b6 2. d4 Bb7 3. Nd2 e6 4. Bd3 d5 5. e5 c5 6. c3 Nc6 7. Ndf3 Be7 8. Ne2 g5 9. h3 h5 10. h4 gxh4 11. Be3 Nh6 12. Bxh6 Rxh6 13. Qd2 Rh8 14. 0-0-0 c4 15. Bc2 b5 16. Nf4 b4 17. Qe3 Qa5 18. a4 b3 19. Bb1 Qxa4 20. Nxd5 exd5 21. e6 f6 22. Bg6+ Kd8 23. Kd2 Qa2 24. Rb1 Kc7 25. Ke2 Rag8 26. Nxh4 Kb8 27. Qf4+ Ka8 28. Qc1 Qa5 29. Ra1 Qc7 30. g3 Bd6 31. Rg1 Nd8 32. Bf5 Re8 33. Qe3 Bc8 34. Kf1 Nxe6 35. Qf3 Bb7 36. Bxe6 Rxe6 37. Nf5 Qd8 38. Rh1 Bb8 39. Kg2 Qg8 40. Rhe1 Rxe1 41. Rxe1 Qg4 42. Qxg4 hxg4 43. Ne7 Re8 44. Nc6 Rxe1 0-1

[Event "Chess.com Classic Play In"]
[Site "Chess.com INT"]
[Date "2025.05.19"]
[Round "1"]
[White "Erigaisi, Arjun Kumar"]
[Black "Ponomariov, Ruslan"]
[Result "1-0"]
[WhiteElo "2782"]
[BlackElo "2622"]
[PlyCount "45"]
[EventDate "2025.05.19"]
[EventType "swiss (blitz)"]
[EventRounds "9"]
[EventCountry "USA"]
[SourceTitle "CB21_2025"]
[SourceDate "2025.05.21"]
[SourceVersion "1"]
[SourceVersionDate "2025.05.21"]
[SourceQuality "1"]

1. c4 Nf6 2. Nf3 e6 3. e3 d5 4. d4 Nbd7 5. Nc3 Be7 6. b3 0-0 7. Bb2 b6 8. Bd3 Bb7 9. 0-0 c5 10. cxd5 Nxd5 11. Nxd5 Bxd5 12. e4 Bb7 13. Qe2 cxd4 14. Nxd4 Nc5 15. Bc2 Qc7 16. b4 Nd7 17. Rac1 Qf4 18. g3 Qh6 19. Ba4 Rfd8 20. Rc7 Bc8 21. e5 Bf8 22. Nc6 Re8 23. Nxa7 1-0